A Connecticut Yankee in King Arthur's Court

Dettagli Bibliografici
Autore principale: M. Twain
Riassunto:Книга находится в премиум-версии платформы «Русский как иностранный».
Twain's time travel tale takes you back to the time of King Authur and the Knights of the Round Table. Unlike most glamorous takes on the old tale, Twain paints a picture of absurdity, superstition, and human misery. The honor culture of brave knights and fair maidens is revealed to be a place of incredible ignorance, extreme poverty, and shameful inequality. The narrator of the book, Hank, finds himself unexplainably in sixth century England, where he quickly asserts himself as a magician by utilizing his knowledge of science and history. Fred is a remarkably competent man is able to begin a transformation of the realm into a more friendly and advanced place. Industry, politics, and universal suffrage are his aims, and he makes rapid progress in all three. The humor in the book centers around Hank outwitting the inhabitants of the past, especially Merlin.
Pubblicazione: Москва, T8RUGRAM, 2018
Soggetti:
Accesso online:Перейти к просмотру издания
Natura: Elettronico

MARC

LEADER 00000 a2200000 4500
001 RU/ROS-EDU.RU/83354
856 4 |u https://www.ros-edu.ru/book?id=83354  |z Перейти к просмотру издания 
010 |a 978-5-521-05921-8 
100 |a 20180101d2018 |||y0rusy0250  
105 |a y z 000zy 
101 0 |a rus 
102 |a RU 
200 1 |a A Connecticut Yankee in King Arthur's Court  |b Электронный ресурс  |f M. Twain 
700 1 |b M.  |a Twain  |4 070 
330 |a Twain's time travel tale takes you back to the time of King Authur and the Knights of the Round Table. Unlike most glamorous takes on the old tale, Twain paints a picture of absurdity, superstition, and human misery. The honor culture of brave knights and fair maidens is revealed to be a place of incredible ignorance, extreme poverty, and shameful inequality. The narrator of the book, Hank, finds himself unexplainably in sixth century England, where he quickly asserts himself as a magician by utilizing his knowledge of science and history. Fred is a remarkably competent man is able to begin a transformation of the realm into a more friendly and advanced place. Industry, politics, and universal suffrage are his aims, and he makes rapid progress in all three. The humor in the book centers around Hank outwitting the inhabitants of the past, especially Merlin. 
210 |a Москва  |c T8RUGRAM  |d 2018 
610 1 |a художественная литература 
610 1 |a английский язык 
610 1 |a зарубежная проза 
610 1 |a фантастика 
610 1 |a классика 
675 |a 82 
686 |a 84  |2 rubbk 
300 |a Книга находится в премиум-версии платформы «Русский как иностранный». 
215 |a 428 с.